000 00805nam a2200253 a 4500
001 000024715
005 20260218080534.0
008 110202s1978 ve r 000 0 spa d
040 _aDO-SdBNP
_bspa
_cBNPHU
082 _a335.4
_bS586a, 1978
100 1 _aSilva, Ludovico,
_d1937-1988.
_99673
245 1 0 _aAnti-manual para uso de marxistas, marxólogos y marxianos /
_cLuis José Silva Michelena.
250 _a3a ed.
260 _aCaracas, (Venezuela) :
_bMonte Ávila Editores,
_c1978.
300 _a273, [2] p. ;
_c18 cm.
490 1 _aEstudio
504 _aIncluye referencias bibliográficas
500 _aIncluye notas al pie de las páginas
650 0 _aMarxismo
_95234
650 0 _aSocialismo
_9287
650 0 _aEconomía marxista
_99435
830 0 _aEstudios
_93854
049 _aBNGR
999 _c24208
_d24208